Precalculus mathematics; (Record no. 180243)

000 -LEADER
fixed length control field 00990 a2200217 4500
003 - CONTROL NUMBER IDENTIFIER
control field Nust
005 - DATE AND TIME OF LATEST TRANSACTION
control field 20240108104655.0
010 ## - LIBRARY OF CONGRESS CONTROL NUMBER
LC control number 74002868
020 ## - INTERNATIONAL STANDARD BOOK NUMBER
International Standard Book Number 0023242701
040 ## - CATALOGING SOURCE
Transcribing agency Nust
082 00 - DEWEY DECIMAL CLASSIFICATION NUMBER
Classification number 512,CON
100 1# - MAIN ENTRY--PERSONAL NAME
Personal name Connelly, James Francis,
9 (RLIN) 102470
245 10 - TITLE STATEMENT
Title Precalculus mathematics;
Remainder of title a functional approach /
Statement of responsibility, etc. James F. Connelly, Robert A. Fratangelo.
260 ## - PUBLICATION, DISTRIBUTION, ETC.
Place of publication, distribution, etc. New York,
Name of publisher, distributor, etc. Macmillan
Date of publication, distribution, etc. [1975]
300 ## - PHYSICAL DESCRIPTION
Extent ix, 431 p.
Other physical details illus.
Dimensions 26 cm.
505 ## - FORMATTED CONTENTS NOTE
Formatted contents note Sets and numbers (Page-1), Relations and functions (Page-37), Inequalities (Page-73), Polynomials (Page-93), Graphs of relations and functions (Page-115), Exponentials and logarithmic functions (Page-153), Circular functions (Page-163), The trignometric functions (Page-219), Complex numbers (Page-253), Elements of analytic geometry (Page-273), Sequences and series (Page-343).
650 #0 - SUBJECT ADDED ENTRY--TOPICAL TERM
Topical term or geographic name entry element Mathematics.
650 #0 - SUBJECT ADDED ENTRY--TOPICAL TERM
Topical term or geographic name entry element Precalculus.
9 (RLIN) 32522
700 1# - ADDED ENTRY--PERSONAL NAME
Personal name Fratangelo, Robert A.,
9 (RLIN) 102020
942 ## - ADDED ENTRY ELEMENTS (KOHA)
Source of classification or shelving scheme
Koha item type Book
Call number prefix 512,CON
Holdings
Withdrawn status Lost status Source of classification or shelving scheme Damaged status Not for loan Permanent Location Current Location Shelving location Date acquired Full call number Barcode Date last seen Price effective from Koha item type Public note
          Military College of Signals (MCS) Military College of Signals (MCS) General Stacks 12/12/2016 515,CON MCS7324 12/08/2016 12/12/2016 Book Almirah No.11, Shelf No.6
© 2023 Central Library, National University of Sciences and Technology. All Rights Reserved.